International Advances in Economic Research An Official Publication of the International Atlantic Economic Society

Guardado en:
Detalles Bibliográficos
Formato: Seriadas
Lenguaje:inglés
Publicado: New York Springer
Etiquetas: Agregar Etiqueta
Sin Etiquetas, Sea el primero en etiquetar este registro!

MARC

LEADER 00000nas1a2200000 4500
001 0253433
005 20250701092125.0
022 |a 1083-0898 
022 |a 1573-966X 
041 0 |a eng 
044 |a US 
245 1 0 |a International Advances in Economic Research  |b An Official Publication of the International Atlantic Economic Society 
264 1 |a New York  |b Springer